LIBRARY & INFORMATION CENTRE, KCAET, TAVANUR

ONLINE PUBLIC ACCESS CATALOGUE (OPAC)

Smart Packaging Technologies: for Fast Moving Consumer Goods (Record no. 14181)

MARC details
000 -LEADER
fixed length control field 00418nam a22001457a 4500
020 ## - INTERNATIONAL STANDARD BOOK NUMBER
ISBN 9780470028025
082 ## - DEWEY DECIMAL CLASSIFICATION NUMBER
Classification number 658.564
Item number KER/SM
100 ## - MAIN ENTRY--AUTHOR NAME
Personal name Kerry, Joseph
-- Butler, Paul
245 ## - TITLE STATEMENT
Title Smart Packaging Technologies: for Fast Moving Consumer Goods
260 ## - PUBLICATION, DISTRIBUTION, ETC. (IMPRINT)
Place of publication England
Name of publisher John Wiley & Sons
Year of publication 2008
300 ## - PHYSICAL DESCRIPTION
Number of Pages 340
490 ## - SERIES STATEMENT
Series statement Packing Technologies
650 ## - SUBJECT ADDED ENTRY--TOPICAL TERM
Topical Term Food Research planning
942 ## - ADDED ENTRY ELEMENTS (KOHA)
Koha item type Books
Holdings
Withdrawn status Lost status Damaged status Collection code Home library Current library Shelving location Date acquired Source of acquisition Cost, normal purchase price Full call number Accession Number Koha item type
        KAUAET KAUAET General Stacks 22/06/2016 Calicut Books, Calicut 11623.50 658.564 KER/SM 23683 Books
free website counter